000 003190000a22001450004500
041 0 _aSPA
082 0 4 _aG 864 D988t
100 1 _aDávila Vázquez, Jorge
245 1 0 _aLos tiempos del olvido / Jorge Dávila Vásquez
250 _a2
260 _aEcuador : Cuenca
300 _a106 Pag
001 11126
942 _cBK
999 _c40494
_d40494